00330nam a2200121Ia 4500008004100000041000800041082001800049100003600067245003200103250000800135260005200143300001300195231228s1991 xx 000 0 und d aeng a658.8`48bTER aTERPSTRA (Vern)/ SARATHY (Ravi) aInternational Marketing.... a5th aChicagobThe Dryden Press Chicago Chicagoc1991 aXXII,714